Distribución comercial
Furkejuvvon:
| Váldodahkkit: | , |
|---|---|
| Materiálatiipa: | Girji |
| Giella: | espánnjágiella |
| Almmustuhtton: |
Madrid
McGraw-Hill
1993
|
| Fáttát: | |
| Fáddágilkorat: |
Lasit fáddágilkoriid
Eai fáddágilkorat, Lasit vuosttaš fáddágilkora!
|
MARC
| LEADER | 00000nam a2200000 a 4500 | ||
|---|---|---|---|
| 001 | UCX7688 | ||
| 003 | CL-VaPUC | ||
| 008 | 931227e19930000SP |||||||||||||||||spa|d | ||
| 082 | 0 | 4 | |a 658.8 |b DIE |2 21 |
| 100 | |a Díez de Castro, Enrique Carlos |e author |9 592612 | ||
| 700 | 0 | |a Fernández Fernández, Juan Carlos |e author |9 324605 | |
| 245 | 1 | 0 | |a Distribución comercial |
| 300 | |a 234 p | ||
| 942 | |c BK | ||
| 945 | |d 19931227 00:00:00 |a mfernand | ||
| 260 | |a Madrid |b McGraw-Hill |c 1993 | ||
| 650 | 0 | |a Comercialización |9 259326 | |
| 650 | 7 | |a DISTRIBUCION FISICA DE MERCANCIAS |2 CL-VaPUC |9 324606 | |
| 583 | |a last modification |c 19931227 00:00:00 |k Rodrigo Vera | ||
| 999 | |c 227450 |d 227448 | ||
| 952 | |0 0 |1 0 |4 0 |6 658_800000000000000_DIE_1993 |7 0 |8 A |9 226494 |a BIBENE |b BIBENE |d 2019-11-15 |i 2956276 |l 1 |o 658.8 DIE 1993 |p 2956276 |r 2025-01-15 |s 2024-04-30 |w 2019-11-15 |y BK |k ICO | ||